| 000 | 00692nam a22002057a 4500 | ||
|---|---|---|---|
| 003 | BD-DhUL | ||
| 005 | 20231203121029.0 | ||
| 008 | 231203s2021 bg ||||| |||| 00| 0 ben d | ||
| 020 | _a9789845101400 (hbk) | ||
| 040 |
_aBD-DhUL _cBD-DhUL |
||
| 082 |
_a782.0092 _bKHJ |
||
| 100 | 1 | 0 | _aখাতুন, সনজীদা |
| 245 |
_aজীবনবৃত্ত / _cসনজীদা খাতুন । |
||
| 260 |
_aঢাকা : _bকথাপ্রকাশ, _c২০২১ । |
||
| 300 |
_a৯৪ পৃ. ; _c১৮ সেমি |
||
| 365 |
_aBDT _b200 |
||
| 600 |
_aখাতুন, সনজীদা _vজীবনী |
||
| 600 |
_aKhatun, Sanjeda _vBiography |
||
| 942 |
_2ddc _cBK |
||
| 999 |
_c258573 _d258573 |
||